Online
Catalog

Nomenclatura en suicidología clínica. : (Record no. 45283)

MARC details
000 -CABECERA
campo de control de longitud fija 00943nam a2200193 a 4500
001 - NÚMERO DE CONTROL
campo de control 000045794
005 - FECHA Y HORA DE LA ÚLTIMA TRANSACCIÓN
campo de control 20250124114731.0
008 - DATOS DE LONGITUD FIJA--INFORMACIÓN GENERAL
campo de control de longitud fija 150514s2000 dr c 000 0 spa d
020 ## - NÚMERO INTERNACIONAL ESTÁNDAR DEL LIBRO
Número Internacional Estándar del Libro 9993410004
040 ## - FUENTE DE LA CATALOGACIÓN
Centro catalogador/agencia de origen DO-SdBNP
Lengua de catalogación spa
Centro/agencia transcriptor BNPHU
100 1# - ENTRADA PRINCIPAL--NOMBRE DE PERSONA
Nombre de persona Moreno Ceballos, Nelson,
Fechas asociadas al nombre 1946-
9 (RLIN) 33018
245 10 - MENCIÓN DE TÍTULO
Título Nomenclatura en suicidología clínica. :
Resto del título con un glosario que contiene 290 conceptos y términos usados en suicidología y eutanasia, psicología del enfermo terminal, medicina forense y antropología de la muerte. /
Mención de responsabilidad, etc. Nelson Moreno-Ceballos.
260 ## - PUBLICACIÓN, DISTRIBUCIÓN, ETC.
Lugar de publicación, distribución, etc. Santo Domingo :
Nombre del editor, distribuidor, etc. Búho,
Fecha de publicación, distribución, etc. 2000.
300 ## - DESCRIPCIÓN FÍSICA
Extensión 200 p. ; :
Otras características físicas retrs. ;
Dimensiones 22 cm.
504 ## - NOTA DE BIBLIOGRAFÍA, ETC.
Nota de bibliografía, etc. Bibliografía p: 189-200
500 ## - NOTA GENERAL
Nota general Incluye datos biografícos del autor en la solapa
590 ## - NOTA LOCAL (RLIN)
Nota local Perteneció a la biblioteca personal de Erick Landestoy
500 ## - NOTA GENERAL
Nota general Sección de suicidología de la Asociación Psiquiátrica de América Latina, Instituto de Desarrollo y Salud Integral
Holdings
Estado de retiro Estado de pérdida No para préstamo Código de colección Localización permanente Ubicación/localización actual Ubicación en estantería Fecha de adquisición Número de inventario Total de préstamos Signatura topográfica completa Código de barras Fecha visto por última vez Precio válido a partir de Tipo de ítem Koha Nota pública
    Excluido de préstamo Patrimonio Dominicano Patrimonio Dominicano Patrimonio Dominicano Depósito 14.05.2015 LF1   45794-10 25.06.2020 25.06.2020 Libro y Folleto Colección Patrimonio Dominicano Perteneció a la biblioteca personal de Erick Landestoy

Powered by Koha